000 00331nam a2200133Ia 4500
005 20251222155043.0
008 251222s9999||||xx |||||||||||||| ||spa||
082 _aEBA. 16
100 _aNORDMARK R.
245 0 _aBases Cientificas de la Enfermería 2da. Edición
250 _a2da. ed.
264 _bPrensa médica
942 _cLIB
999 _c37000
_d37000